000 00586nam a2200193Ia 4500
008 151121s9999||||xx |||||||||||||| ||und||
082 _a812/खरे
082 _bHNW-35583
100 _aखरे सुरेश
245 _aएका घरात होती
260 _b"केशव वामन जोशी, पुणें।"
260 _c--
300 _a93
600 _aखरे सुरेश
630 _aएका घरात होती
700 _aखरे सुरेश
730 _aएका घरात होती
942 _cBOOK
999 _c1228028
_d1228025